000 00725nam a2200253 i 4500
001 bg
100 1 _aCYBULSKA, Barbara
245 1 0 _aDietetyka :
_bpodręcznik dla technikum /
_cBarbara Cybulska, Teresa Łukaszewska.
250 _aWyd. 9.
260 _aWarszawa :
_bWydawnictwa Szkolne i Pedagogiczne,
_c1994.
300 _a202, [1] s. :
_bfot., rys., wykr. ;
_c21 cm.
521 _aDla kl. III i IV.
650 9 _aDietetyka
650 9 _aKucharstwo dietetyczne
655 _aPodręczniki szkolne
700 1 _aŁUKASZEWSKA, Teresa
020 _a8302036994
040 _cBPK
041 0 _apl
080 _a613.2(075.3)
920 _a83-02-03699-4
942 _cKS
008 s pl f |000 0 pol
999 _c33920
_d33920
856 _uhttp://koha.tu.koszalin.pl/cgi-bin/koha/opac-detail.pl?biblionumber=33920
_yKatalog online BPK